Sesión necrológica celebrada por la Real Academia de Jurisprudencia y Legislación en honor de Eduardo Dato e Iradier (Registro nro. 110842)

Detalles MARC
000 -LEADER
campo de control de longitud fija 01046nam a2200241 i 4500
001 - NÚMERO DE CONTROL
campo de control 110842
003 - IDENTIFICADOR DE NÚMERO DE CONTROL
campo de control ES-MaACL
005 - FECHA Y HORA DE LA ÚLTIMA TRANSACCIÓN
campo de control 20260127062539.0
007 - CAMPO FIJO DE DESCRIPCIÓN FÍSICA--INFORMACIÓN GENERAL
campo de control de longitud fija t|
008 - DATOS DE LONGITUD FIJA--INFORMACIÓN GENERAL
campo de control de longitud fija 070131s1921 sp ||||1| spa d
100 1# - ENTRADA PRINCIPAL--NOMBRE DE PERSONA
Nombre de persona Piniés y Bayona, Vicente de.
9 (RLIN) 92131
245 10 - MENCIÓN DEL TÍTULO
Título Sesión necrológica celebrada por la Real Academia de Jurisprudencia y Legislación en honor de Eduardo Dato e Iradier
Resto del título : celebrada el 22 de marzo de 1921 /
Mención de responsabilidad, etc. discurso de Vicente de Piniés, Francisco Bergamín y Francisco Soler.
260 ## - PUBLICACIÓN, DISTRIBUCIÓN, ETC.
Lugar de publicación, distribución, etc. Madrid :
Nombre del editor, distribuidor, etc. Reus,
Fecha de publicación, distribución, etc. 1921.
300 ## - DESCRIPCIÓN FÍSICA
Extensión 45 p. :
Otras características físicas il. ;
Dimensiones 18 cm.
490 1# - MENCIÓN DE SERIE
Mención de serie Publicaciones de la Real Academia de Jurisprudencia y Legislación ;
Designación de volumen o secuencia 37
600 14 - PUNTO DE ACCESO ADICIONAL DE MATERIA--NOMBRE DE PERSONA
Nombre de persona Dato, Eduardo,
Fechas asociadas al nombre 1856-1921
9 (RLIN) 42789
700 1# - ENTRADA AGREGADA--NOMBRE PERSONAL
Nombre de persona Bergamín, Francisco.
9 (RLIN) 148620
700 1# - ENTRADA AGREGADA--NOMBRE PERSONAL
Nombre de persona Soler, Francisco.
9 (RLIN) 107141
700 ## - ENTRADA AGREGADA--NOMBRE PERSONAL
Nombre de persona Real Academia de Jurisprudencia y Legislación de España
9 (RLIN) 217612
830 0# - PUNTO DE ACCESO ADICIONAL DE SERIE-TÍTULO UNIFORME
Título uniforme Publicaciones de la Real Academia de Jurisprudencia y Legislación ;
Designación de volumen o secuencia 37
9 (RLIN) 180630
852 ## - LOCALIZACIÓN
Ubicación ES-MaACL
Número de control de estantería L-5205
Existencias
Estatus retirado Estado de pérdida Estado de daño No para préstamo Biblioteca de origen Biblioteca actual Ubicación en estantería Fecha de adquisición Fuente de adquisición Total de préstamos Signatura topográfica completa Código de barras Visto por última vez Precio de reemplazo Tipo de ítem Koha
        Biblioteca del Ateneo de Madrid Biblioteca del Ateneo de Madrid Depósito 2 17/01/2008     L-5205 1115651 23/02/2023 23/02/2023 Libro impreso